The logic of scientific discovery
Uloženo v:
| Hlavní autor: | |
|---|---|
| Médium: | Kniha |
| Jazyk: | Undetermined |
| Vydáno: |
New York
Science Edition,Inc
1961
|
| Témata: | |
| Tagy: |
Přidat tag
Žádné tagy, Buďte první, kdo otaguje tento záznam!
|
| Thư viện lưu trữ: | Trung tâm Học liệu Trường Đại học Cần Thơ |
|---|
| LEADER | 00488nam a2200181Ia 4500 | ||
|---|---|---|---|
| 001 | CTU_80118 | ||
| 008 | 210402s9999 xx 000 0 und d | ||
| 082 | |a 508.1 | ||
| 082 | |b P831 | ||
| 100 | |a Popper, Karl R. | ||
| 245 | 4 | |a The logic of scientific discovery | |
| 245 | 0 | |c Karl R. Popper | |
| 260 | |a New York | ||
| 260 | |b Science Edition,Inc | ||
| 260 | |c 1961 | ||
| 650 | |a Science methodology | ||
| 904 | |i Trọng Hải | ||
| 980 | |a Trung tâm Học liệu Trường Đại học Cần Thơ | ||